| 000 | 00000nam##2200000za#4500 |
| 001 | 9.579100 |
| 003 | CaOODSP |
| 005 | 20210624190413 |
| 007 | cr ||||||||||| |
| 008 | 150406|1995||||xxc|||||o f|0| 0 eng|d |
| 022 | |a1488-5379 |
| 040 | |aCaOODSP|beng |
| 043 | |an-cn--- |
| 086 | 1 |aFs97-6/2047E-PDF |
| 110 | 1 |aCanada. |bDepartment of Fisheries and Oceans. |
| 245 | 10|aEffect of methodology on the determination of total volatile nitrogen and trimethylamine levels in previously frozen Pacific herring (Cluplea harengus passasi) stored at 2-5°C for up to 15 days / |h[electronic resource]|cby G.S. Clancy ... [et al.] |
| 260 | |aWest Vancouver - British Columbia : |bFisheries and Oceans Canada |c1995. |
| 300 | |a15p.|bfig., references |
| 490 | 1 |aCanadian technical report of fisheries and aquatic sciences|x1488-5379|vNo. 2047 |
| 500 | |aOn t.p.: West Vancouver Laboratory, West Vancouver, British Columbia. The catalogue number and ISSN for the print edition appear in the PDF version. |
| 546 | |a(Résumé en français) |
| 590 | |a14-05-Supp|b2014-02-26 |
| 720 | 1 |aClancy, G. S. |
| 830 | #0|aCanadian technical report of fisheries and aquatic sciences,|x1488-5379|vNo. 2047|w(CaOODSP)9.504449 |
| 856 | 40|ahttp://publications.gc.ca|qPDF|s459 KB|uhttps://publications.gc.ca/collections/collection_2014/mpo-dfo/Fs97-6-2047-eng.pdf|yNo. 2047 |